Quelle ville en Italie ? - Statistiques

Statistiques générales
  • Ce quiz a été pris 114 fois
  • Le résultat moyen est 13 sur 20
Statistiques - réponses
Quelle ville italienne Lettre Ville % Correct
...est connue pour sa tour penchée P Pise
98%
...est la référence lorsque l'on évoque la pizza N Naples
94%
...permet de naviguer à bord de gondoles sur le Grand Canal V Venise
91%
...enclave le Vatican R Rome
90%
...à accueillie les Jeux Olympiques d'hiver de 2006 T Turin
89%
...abrite la cathédrale de la Nativité-de-la-Sainte-Vierge-Marie M Milan
87%
...à une sauce liée à son nom B Bologne
83%
...est la capitale de la Sicile P Palerme
83%
...est associée à Roméo et Juliette V Vérone
79%
...à La Piazza del Duomo comme attraction touristique principale F Florence
78%
...est la plus peuplée de la Ligurie G Gênes
77%
...à été détruite par le Vésuve en l'an 79 après Jésus Christ P Pompei
74%
...est surnommée "temple de la vitesse" pour son circuit automobile M Monza
60%
...borde l'Adriatique et se trouve en face de l'Albanie et du Monténégro B Bari
52%
...se situe à proximité du volcan le plus actif d'Italie C Catane
46%
...est la capitale du Frioul, et à la Slovénie à 20km à vol d'oiseau U Udine
42%
...possède un détroit éponyme la séparant du continent M Messine
41%
...est la deuxième plus grande ville de Sardaigne après Cagliari S Sassari
14%
...relie Chamonix par le tunnel du Mont-Blanc C Courmayeur
13%
...à vu la naissance de Valentino Rossi, 9 fois champion du monde moto T Tavullia
4%
Aucun quiz correspondant
Distribution des résultats
% des personnes avec chaque résultat
Percentile par nombre de réponses
Votre historique - résultats
Vous n’avez pas pris ce quiz